[Event "Medellin Amateur op"]
[Site "Medellin"]
[Date "2011.04.22"]
[Round "5.17"]
[White "Velez, Luis Fernando"]
[Black "Bedoya, Santiago"]
[Result "1-0"]
[WhiteElo "1692"]
[BlackElo "1625"]
[PlyCount "71"]
[EventDate "2011.04.20"]
[EventType "swiss"]
[EventRounds "9"]
[EventCountry "COL"]
[SourceTitle "EXT 2024"]
[Source "ChessBase"]
[SourceDate "2023.10.10"]
[SourceVersion "1"]
[SourceVersionDate "2023.10.10"]
[SourceQuality "1"]

1. e4 Nc6 2. d4 d5 3. Nc3 dxe4 4. d5 Ne5 5. Bf4 Ng6 6. Bg3 a6 7. Bc4 Nf6 8. Qd2 h5 9. h3 h4 10. Bh2 Bf5 11. 0-0-0 Qd7 12. Nge2 0-0-0 13. Qe3 Kb8 14. Qb6 Ka8 15. Qa5 Qc8 16. Nd4 Rd6 17. Bxd6 exd6 18. Ncb5 b6 19. Qxa6+ Qxa6 20. Nxc7+ Ka7 21. Nxa6 Ne5 22. Be2 g6 23. c4 Bh6+ 24. Kb1 Bc8 25. Nb4 Bb7 26. Nb5+ Ka8 27. Nxd6 Bf8 28. Nxb7 Bxb4 29. a3 Bf8 30. Nd8 Bc5 31. Nc6 Nxc6 32. dxc6 Bxf2 33. Rhf1 e3 34. c7 Rc8 35. Bf3+ Ka7 36. Rd8 1-0